000 00653nam a2200193Ia 4500
003 GCL
008 140319s9999 xx 000 0 ara d
040 _aGCL /
_cGCL
082 0 4 _a796.33
_bا ت
100 1 _aامرالله احمد البساطى
245 1 0 _aالتدريب والاعداد البدنى فى كرة القدم /
_cامرالله احمد البساطى
300 _a271 ص
490 _aالهيئة العامة للاستعلامات
_v0
650 0 4 _aالرياضة البدنية
650 0 4 _aكرة القدم
650 0 4 _aكرة القدم - تدريب
650 0 4 _aكرة القدم - قواعد
942 _2ddc
_cBK
999 _c47776
_d47776